Financial Accounting Fundamentals (Record no. 3573)

MARC details
005 - DATE AND TIME OF LATEST TRANSACTION
control field 20250613082436.0
020 ## - INTERNATIONAL STANDARD BOOK NUMBER
International Standard Book Number 978-0-07-340397-7
082 ## - DEWEY DECIMAL CLASSIFICATION NUMBER
Classification number 657.48WIL
100 ## - MAIN ENTRY--PERSONAL NAME
Author name WILD. J. J.
245 ## - TITLE STATEMENT
Title Financial Accounting Fundamentals
250 ## - EDITION STATEMENT
Edition statement 2007 Ed.
260 ## - PUBLICATION, DISTRIBUTION, ETC.
Place of publication, distribution, etc. New York,
Name of publisher, distributor, etc. McGraw-Hill Irwin,
Date of publication, distribution, etc. 2007.
300 ## - PHYSICAL DESCRIPTION
Extent xxvi,578p.:ill.;pictures, charts,tables
Other physical details Appendix, Glossary, Index
Dimensions 27cm
942 ## - ADDED ENTRY ELEMENTS (KOHA)
Source of classification or shelving scheme Dewey Decimal Classification
Koha item type Books
Holdings
Date last seen Total checkouts Full call number Barcode Cost, replacement price Price effective from Koha item type Lost status Source of classification or shelving scheme Damaged status Not for loan Withdrawn status Home library Current library Shelving location Date acquired Source of acquisition Cost, normal purchase price
06/10/2025   657.48WIL MZA000574 150000.00 06/10/2025 Books   Dewey Decimal Classification       CBE Mwanza CBE Mwanza General Collection 06/01/2007 Library Budget 50000.00
06/10/2025   657.48WIL MZA000575 150000.00 06/10/2025 Books   Dewey Decimal Classification       CBE Mwanza CBE Mwanza General Collection 06/01/2007 Library Budget 50000.00
06/10/2025   657.48WIL MZA000576 150000.00 06/10/2025 Books   Dewey Decimal Classification       CBE Mwanza CBE Mwanza General Collection 06/01/2007 Library Budget 50000.00